000 01277pab a2200181 454500
008 180718b2006 xxu||||| |||| 00| 0 eng d
100 _aGulati, Sunita
245 _aAn evaluative study of computerised library and information services by the IIPA library with regard to users' needs and satisfaction
260 _c2006
300 _ap.260-275.
362 _aApr-Jun
520 _aThe article makes an evaluative study of the computerised Library and Information Services (L and IS) provided by the IIPA Library. The study positively tests two main hypotheses with regard to the users' needs and satisfaction. These hypotheses are: (i) there are various types of users demanding a variety of computerised L and IS in order to fulfil their requirements which need intensified manpower efficiency for the required provisions; and (ii) there exist inadequate infrastructural facilities in the IIPA Library to provide adequate computerised L and IS to the requirements of the users. It also furnishes important suggestions in order to improve the supply of the computerised L and IS by the Library concerned. - Reproduced.
650 _aLibraries
650 _aInformation user studies
773 _aIndian Journal of Public Administration
908 _aN
909 _a70628
999 _c70628
_d70628